| 000 | 00444nam a22001337a 4500 | ||
|---|---|---|---|
| 040 | _cNUST | ||
| 082 | _a220 PRO | ||
| 100 |
_aMuhammad Nabeel Qazi Ahmed Dawood Muhammad Irfan Muhammad Naeem _9103579 |
||
| 110 |
_aProject Supervisor: Dr. Usman Ali _9103580 |
||
| 245 | _aPR-SOF-2200-Design of Metal Detector for Military Applications | ||
| 260 |
_aIslamabad: _bNUST College of EME, _c2022. |
||
| 650 |
_aDE-ELECT-40 _9103514 |
||
| 942 |
_2ddc _cPR |
||
| 999 |
_c592486 _d592486 |
||